Statistics for NBA Stadium to Team

Click here to take the quiz!

General Stats

  • This quiz has been taken 16 times
  • The average score is 24 of 30

Answer Stats

Stadium NameCapacityYear OpenedCorrect Team% Correct
Crypto.com Arena19,0681999Los Angeles Clippers
100%
Crypto.com Arena18,9971999Los Angeles Lakers
100%
Chase Center18,0642019Golden State Warriors
92%
Toyota Center18,0552003Houston Rockets
92%
Wells Fargo Center20,4781996Philadelphia 76ers
92%
Moda Center19,4411995Portland Trail Blazers
92%
TD Garden19,1561995Boston Celtics
83%
Barclays Center17,7322012Brooklyn Nets
83%
United Center20,9171994Chicago Bulls
83%
FedExForum17,7942004Memphis Grizzlies
83%
FTX Arena19,6001999Miami Heat
83%
Target Center18,9781990Minnesota Timberwolves
83%
Smoothie King Center16,8671999New Orleans Pelicans
83%
Madison Square Garden19,8121968[a]New York Knicks
83%
Amway Center18,8462010Orlando Magic
83%
Golden 1 Center17,5832016Sacramento Kings
83%
Capital One Arena20,3561997Washington Wizards
83%
State Farm Arena18,1181999Atlanta Hawks
75%
Rocket Mortgage FieldHouse19,4321994Cleveland Cavaliers
75%
American Airlines Center19,2002001Dallas Mavericks
75%
Little Caesars Arena20,3322017Detroit Pistons
75%
Footprint Center17,0711992Phoenix Suns
75%
Vivint Arena18,3061991Utah Jazz
75%
Ball Arena19,5201999Denver Nuggets
67%
Fiserv Forum17,5002018Milwaukee Bucks
67%
Paycom Center18,2032002Oklahoma City Thunder
67%
AT&T Center18,4182002San Antonio Spurs
67%
Scotiabank Arena19,8001999Toronto Raptors
67%
Spectrum Center19,0772005Charlotte Hornets
58%
Gainbridge Fieldhouse17,9231999Indiana Pacers
58%

Score Distribution

Percentile by Number Answered

Percent of People with Each Score

Your Score History

You have not taken this quiz